Culture, disease, and healing : (Record no. 33475)
[ view plain ]
| 000 -LEADER | |
|---|---|
| fixed length control field | 00946cam a2200325 i 4500 |
| 001 - CONTROL NUMBER | |
| control field | 33475 |
| 003 - CONTROL NUMBER IDENTIFIER | |
| rucl marc code | BD-RjUL |
| 005 - DATE AND TIME OF LATEST TRANSACTION | |
| control field | 20211209052020.0 |
| 008 - FIXED-LENGTH DATA ELEMENTS--GENERAL INFORMATION | |
| fixed length control field | 140508t1977 nyua b 000 0 eng d |
| 020 ## - INTERNATIONAL STANDARD BOOK NUMBER | |
| International Standard Book Number | 0023673907 |
| 035 ## - SYSTEM CONTROL NUMBER | |
| System control number | (BD-RjUL)33566 |
| 040 ## - CATALOGING SOURCE | |
| Original cataloging agency | DLC |
| Transcribing agency | DLC |
| Modifying agency | DLC |
| Language of cataloging | eng |
| 041 ## - LANGUAGE CODE | |
| Language code of text/sound track or separate title | eng |
| 060 ## - NATIONAL LIBRARY OF MEDICINE CALL NUMBER | |
| Classification number | WA30 C968 |
| 082 00 - DEWEY DECIMAL CLASSIFICATION NUMBER | |
| Classification number | 362.1 |
| Author mark and year | CUL 1977 |
| 245 00 - TITLE STATEMENT | |
| Title | Culture, disease, and healing : |
| Remainder of title | studies in medical anthropology / |
| Statement of responsibility, etc. | edited by David Landy. |
| 260 ## - PUBLICATION, DISTRIBUTION, ETC. (IMPRINT) | |
| Place of publication, distribution, etc. | New York : |
| Name of publisher, distributor, etc. | Macmillan, |
| Date of publication, distribution, etc. | c1977. |
| 300 ## - PHYSICAL DESCRIPTION | |
| Pagination | xv, 559 p. : |
| Illustrations | ill. ; |
| Size | 26 cm. |
| 504 ## - BIBLIOGRAPHY, ETC. NOTE | |
| Bibliography, etc | includes Bibliography. |
| 650 #0 - SUBJECT ADDED ENTRY--TOPICAL TERM | |
| Topical term or geographic name as entry element | Medical anthropology. |
| 9 (RLIN) | 101588 |
| Topical term or geographic name as entry element | Traditional medicine. |
| 9 (RLIN) | 101589 |
| Topical term or geographic name as entry element | Social medicine. |
| 9 (RLIN) | 101590 |
| Topical term or geographic name as entry element | Social medicine. |
| 9 (RLIN) | 101591 |
| Topical term or geographic name as entry element | Culture. |
| 9 (RLIN) | 101592 |
| Topical term or geographic name as entry element | Disease. |
| 9 (RLIN) | 101593 |
| 700 1# - ADDED ENTRY--PERSONAL NAME | |
| Personal name | Landy, David. |
| 942 ## - ADDED ENTRY ELEMENTS (KOHA) | |
| Source of classification or shelving scheme | Dewey Decimal Classification |
| Koha item type | Books |
| Lost status | Source of classification or shelving scheme | Damaged status | Not for loan | Collection code | Permanent Location | Current Location | Shelving location | Date acquired | Source of acquisition | Cost, normal purchase price | Total Checkouts | Full call number | Date last seen | Copy number | Koha item type | Date checked out |
|---|---|---|---|---|---|---|---|---|---|---|---|---|---|---|---|---|
| Dewey Decimal Classification | Not For Loan | Non-fiction | Central Library, University of Rajshahi | Central Library, University of Rajshahi | Reading Room | 21/04/1984 | Tulip enterprise | 25.95 | 362.1 CUL 1977 | 08/05/2014 | C-1 | Books | ||||
| Dewey Decimal Classification | Non-fiction | Central Library, University of Rajshahi | Central Library, University of Rajshahi | 21/04/1984 | Tupan tulip | 25.95 | 362.1 CUL 1977 | 08/05/2014 | C-5 | Books | ||||||
| Dewey Decimal Classification | Non-fiction | Central Library, University of Rajshahi | Central Library, University of Rajshahi | 21/04/1984 | Tulip | 25.95 | 362.1 CUL 1977 | 11/05/2014 | C-2 | Books | ||||||
| Dewey Decimal Classification | Non-fiction | Central Library, University of Rajshahi | Central Library, University of Rajshahi | 21/04/1984 | Tappan company sing | 25.95 | 362.1 CUL 1977 | 15/05/2014 | C-3 | Books | ||||||
| Dewey Decimal Classification | Non-fiction | Central Library, University of Rajshahi | Central Library, University of Rajshahi | 21/04/1984 | Tappan company sing | 25.95 | 1 | 362.1 CUL 1977 | 26/10/2015 | C-4 | Books | 04/10/2015 |